E. U. América e Índia (Registo nº 2684)
[ vista simples ]
| 000 -Etiqueta do registo | |
|---|---|
| Cabeçalho | 00825nam a22002771 4500 |
| 005 - Identificador da versão | |
| Campo de controlo | 20240813121941.0 |
| 095 ## - | |
| -- | PTBN00020887 |
| 100 ## - Dados gerais de processamento | |
| Dados gerais de processamento | 20030520d1981 da y0pory5003 ba |
| 102 ## - Pais de publicação ou produção | |
| País de publicação | Portugal |
| 101 0# - Língua de publicação | |
| Língua do texto, banda sonora, etc. | Português |
| 106 ## - Campo de dados codificados: material textual | |
| Dados codificados do material textual | r |
| 105 ## - Campo de dados codificados: livros | |
| Dados codificados dos livros | a z 000yy |
| 215 ## - Descrição física | |
| Indicação específica da natureza do documento e extensão da espécie | 25 p. |
| Outras indicações físicas | muito il. |
| Dimensões | 28 cm |
| 200 1# - Titulo e menção de responsabilidade | |
| Título próprio | E. U. América e Índia |
| Primeira menção de responsabilidade | Leonor Castelo |
| Outras menções de responsabilidade | il. Victor Manuel Ribeiro de Almeida |
| 225 2# - Colecção | |
| Título próprio da colecção | Vamos viajar |
| Indicação de volume | 2 |
| 210 ## - Publicação, Distribuição, etc. | |
| Lugar da edição, distribuição, etc. | Lisboa |
| Nome do editor, distribuidor, etc. | Colibri |
| Data da publicação, distribuição, etc. | [D.L. 1981] |
| 532 12 - Título desenvolvido | |
| Expanded Title | Estados Unidos da América e Índia |
| 606 ## - Nome comum usado como assunto | |
| Número de registo de entrada de autoridade | 0001567 |
| Palavra de ordem | Geografia |
| Subdivisão geográfica | Estados Unidos da América |
| -- | Índia |
| 675 ## - Classificação Decimal Universal (CDU) | |
| Notação | 91 |
| Edição | 2ª |
| Língua da edição | por |
| 702 #1 - Nome de autor-pessoa física (responsabilidade secundária) | |
| Número de registo de entrada de autoridade | 0001569 |
| Palavra de ordem | Almeida |
| Outra parte do nome não tomada para palavra de ordem | Vítor Manuel Ribeiro de |
| Código de função | Ilustrador / Técnico de desenho computorizado |
| 700 #1 - Nome de autor-pessoa física (responsabilidade principal) | |
| Número de registo de entrada de autoridade | 0001568 |
| Palavra de ordem | Castelo |
| Outra parte do nome não tomada para palavra de ordem | Leonor |
| 942 ## - Elementos de entrada adicionados (Koha) | |
| Tipo de item no Koha | Livro |
| Situação do levantamento | Origin of item (home branch) (coded) | Biblioteca de empréstimo | Código de barras | Cota | Circulation type (not for loan) | Tipo de documento | Nota do exemplar | Damaged status |
|---|---|---|---|---|---|---|---|---|
| Biblioteca Escolar da Coca Maravilhas | Biblioteca Escolar da Coca Maravilhas | BECM6134/03 | 9GEO CAS | Livro | Sem mensagem |
